Imaginative Realism: How to pain what doesn't exist.
保存先:
| 第一著者: | |
|---|---|
| フォーマット: | 図書 |
| 出版事項: |
Kansas City, Missouri, United States:
Andrews McMeel Publishing,
2009.
|
| 版: | 1st. ed. |
| 主題: | |
| タグ: |
タグ追加
タグなし, このレコードへの初めてのタグを付けませんか!
|
MARC
| LEADER | 00000nam a22000007a 4500 | ||
|---|---|---|---|
| 003 | CL-VaPUC | ||
| 005 | 20250407202434.0 | ||
| 008 | 250115t2009 ||||| |||| 00| 0 eng d | ||
| 999 | |c 446552 |d 446550 | ||
| 020 | |a 978-0-7407-8550-4 | ||
| 040 | |c Pontificia Universidad Católica de Valparaíso | ||
| 082 | |a 709.0343 GUR 2009 | ||
| 100 | |9 895454 |a Gurney, James |e author | ||
| 245 | |a Imaginative Realism: |b How to pain what doesn't exist. | ||
| 250 | |a 1st. ed. | ||
| 260 | |a Kansas City, Missouri, United States: |b Andrews McMeel Publishing, |c 2009. | ||
| 300 | |a 223 páginas: |b ilustraciones. | ||
| 500 | |a c.1.-c.3 Instituto Arcos.08-01-2025. | ||
| 583 | |c 20250115 |k Gabriela Rodríguez Cuevas | ||
| 650 | 0 | |9 265046 |a Pintura |x Técnica | |
| 650 | 0 | |9 557660 |a Arte fantástico | |
| 650 | 0 | |9 268242 |a Realismo en el arte | |
| 942 | |2 ddc |c BK |n 0 | ||
| 952 | |0 0 |1 0 |2 ddc |4 0 |6 709_034300000000000_GUR_2009 |7 0 |9 599381 |a BIBINC |b BIBINC |c GEN |d 2025-01-15 |e Instituto Arcos |i 5664216 |o 709.0343 GUR 2009 |p 5664216 |r 2025-01-15 |t 1 |w 2025-01-15 |y BK |k IFP | ||
| 952 | |0 0 |1 0 |2 ddc |4 0 |6 709_034300000000000_GUR_2009 |7 0 |9 601235 |a BIBINC |b BIBINC |c GEN |d 2025-03-13 |e Instituto Arcos |i 5666120 |o 709.0343 GUR 2009 |p 5666120 |r 2025-03-13 |t 3 |w 2025-01-15 |y BK |k IFP | ||
| 952 | |0 0 |1 0 |2 ddc |4 0 |6 709_034300000000000_GUR_2009 |7 0 |9 601236 |a BIBINC |b BIBINC |c GEN |d 2025-03-13 |e Instituto Arcos |i 5666119 |o 709.0343 GUR 2009 |p 5666119 |r 2025-03-13 |t 2 |w 2025-01-15 |y BK |k IFP | ||